Manual de econometría / (Registro nro. 5758)

Detalles MARC
000 -LEADER
fixed length control field 01233nam a2200265Ia 4500
003 - CONTROL NUMBER IDENTIFIER
control field OSt
005 - DATE AND TIME OF LATEST TRANSACTION
control field 20200610224302.0
008 - FIXED-LENGTH DATA ELEMENTS--GENERAL INFORMATION
fixed length control field 191128s1973 ag ad fr 000 0 spa d
040 ## - CATALOGING SOURCE
Original cataloging agency CO-JMCR
Transcribing agency CO-JMCR
041 1# - LANGUAGE CODE
Language code of text/sound track or separate title spa
Language code of original eng
082 04 - DEWEY DECIMAL CLASSIFICATION NUMBER
Classification number 330.0182 /
Item number F791m
Edition number 23
100 1# - MAIN ENTRY--PERSONAL NAME
Personal name Fox, Karl A.,
Relator term autor
9 (RLIN) 5095
245 10 - TITLE STATEMENT
Title Manual de econometría /
Statement of responsibility, etc. Karl A. Fox ; traducción Mauricio Kitaigorodzki ; revisión técnica, Saúl Hanono
260 ## - PUBLICATION, DISTRIBUTION, ETC.
Place of publication, distribution, etc. Buenos Aires :
Name of publisher, distributor, etc. Amorrortu Editores,
Date of publication, distribution, etc. 1973
300 ## - PHYSICAL DESCRIPTION
Extent 558 páginas :
Other physical details gráficos a blanco y negro ;
Dimensions 22 cm.
490 0# - SERIES STATEMENT
Series statement Biblioteca de economía política
500 ## - GENERAL NOTE
General note Título original: Intermediate economic statistic
504 ## - BIBLIOGRAPHY, ETC. NOTE
Bibliography, etc. note Incluye bibliografía al final de cada capítulo.
505 0# - FORMATTED CONTENTS NOTE
Formatted contents note Economía y estadística -- Revisión de conceptos económicos -- Revisión de conceptos estadísticos -- Regresión simple y medición de relaciones económicas -- Números índice y serie cronológicas -- Análisis de regresión simple: modelos alternativos
546 ## - LANGUAGE NOTE
Language note Traducido del inglés
650 14 - SUBJECT ADDED ENTRY--TOPICAL TERM
Topical term or geographic name entry element Econometría matemática
General subdivision manuales
9 (RLIN) 5465
700 1# - ADDED ENTRY--PERSONAL NAME
Personal name Kitaigorodzki, Mauricio,
Relator term traductor
9 (RLIN) 5452
700 1# - ADDED ENTRY--PERSONAL NAME
Personal name Hanono, Saúl,
Relator term revisor
9 (RLIN) 5466
942 ## - ADDED ENTRY ELEMENTS (KOHA)
Source of classification or shelving scheme Dewey Decimal Classification
Koha item type Books
Existencias
Withdrawn status Lost status Source of classification or shelving scheme Damaged status Not for loan Collection code Home library Current library Date acquired Source of acquisition Cost, normal purchase price Total Checkouts Full call number Barcode Date last seen Copy number Koha item type
    Dewey Decimal Classification     Non-fiction Biblioteca Pública José María del Castillo y Rada Biblioteca Pública José María del Castillo y Rada 04/15/2018 Donación 0.00   330.0182 / F791m 430004149 05/16/2024 Ej.1 Books